01574nam a2200337 a 450000100060000000300080000600500170001400800410003103500190007204000230009104100080011408200210012211101060014324501630024926000660041230000240047850400410050265000340054365000540057765000510063165000540068265100600073665100650079665100650086165100620092670000330098871000530102194200120107499900170108695201330110359029BD-RjUL20211209080703.0161220s1993 bg b 100 0 eng  a(BD-RjUL)59153 aDLCcDLCdDLCbeng aeng00a973.92223bNAA 2 aNational Conference of Bangladesh Society for American Studiesd(1993 :cRajshahi University)917556210aAmerican studies in the context of democracy, economy, and environment :bproceedings of second Bi-ennial National Conference /cedited by Ameeruz Zaman Khan. aBangladesh :bBangladesh Society for American Studies,c1993. axx, 45 p. ;c24 cm. aIncludes bibliographical references. 0aCold WarxCongresses.9175563 0aPrivatizationzUnited StatesxCongresses.9175564 0aPrivatizationzBangladeshxCongresses.9175565 0aIndividualismzUnited StatesxCongresses.9175566 0aUnited StatesxCivilizationy1970-xCongresses.9175567 0aUnited StatesxForeign relationsy1989-xCongresses.9175568 0aUnited StatesxEnvironmental conditionsxCongresses.9175569 0aBangladeshxEnvironmental conditionsxCongresses.91755701 aKhan, Ameeruz Zaman.91755712 aBangladesh Society for American Studies.9175572 2ddccBK c59029d59029 00102ddc40718NFICaRUCLbRUCLcReadingd2009-04-16eAzharuddinl0o973.92 NAA 1993r2016-12-20 00:00:00tC-1w2016-12-20yBK